|
|
|
|
| LEADER |
00000nam0a2200000 4500 |
| 001 |
40275 |
| 005 |
20231101210617.0 |
| 010 |
|
|
|a 5850504613
|
| 010 |
|
|
|a 5-85050-379-X
|
| 035 |
|
|
|a (RuTPU)RU\TPU\book\41303
|
| 090 |
|
|
|a 40275
|
| 100 |
|
|
|a 20020507d2001 m y0rusy50 ca
|
| 101 |
0 |
|
|a rus
|
| 102 |
|
|
|a RU
|
| 105 |
|
|
|a y z 000aс
|
| 200 |
1 |
|
|a Двенадцать стульев; Золотой теленок
|e романы
|f И. Ильф, Е. П. Петров
|
| 210 |
|
|
|a Москва
|c Слово/Slovo
|d 2001
|
| 215 |
|
|
|a 640 с.
|
| 225 |
1 |
|
|a Пушкинская библиотека
|
| 464 |
|
|
|t Писатель "ИЛЬФПЕТРОВ" и великий комбинатор
|o вступительная статья
|f М. Одесский, Д. Фельдман
|
| 464 |
|
|
|t История создания и текстология романов "Двенадцать стульев" и "Золотой теленок"
|f М. Одесский, Д. Фельдман
|
| 600 |
|
1 |
|a Петров
|g Евгений
|b Е.
|c настоящее имя и фамилия Евгений Петрович Катаев
|c русский писатель
|c соавтор И. Ильф
|f 1902 - 1942
|2 stltpui
|3 (RuTPU)RU\TPU\pers\368
|
| 600 |
|
1 |
|a Ильф
|g Илья
|c русский писатель
|c настоящие имя и фамилия Илья Арнольдович Файнзильберг
|c соавтор Е. Петрова
|f 1897 - 1937
|b И.
|2 stltpui
|3 (RuTPU)RU\TPU\pers\195
|
| 610 |
1 |
|
|a романы
|
| 675 |
|
|
|a Р2
|v 3
|
| 700 |
|
1 |
|a Ильф
|b И.
|c русский писатель
|c настоящие имя и фамилия Илья Арнольдович Файнзильберг
|c соавтор Е. Петрова
|f 1897-1937
|g Илья
|2 stltpush
|3 (RuTPU)RU\TPU\pers\195
|9 101
|
| 701 |
|
1 |
|a Петров
|b Е. П.
|c настоящее имя и фамилия Евгений Петрович Катаев
|c русский писатель
|c соавтор И. Ильфа
|f 1902-1942
|g Евгений Петрович
|2 stltpush
|3 (RuTPU)RU\TPU\pers\368
|9 182
|
| 801 |
|
1 |
|a RU
|b 63413507
|c 20020507
|g PSBO
|
| 801 |
|
2 |
|a RU
|b 63413507
|c 20121017
|g PSBO
|
| 942 |
|
|
|c BK
|